Largest Fast Food Chains Worldwide - Statistics

General Stats
  • This quiz has been taken 33 times
  • The average score is 5 of 10
Answer Stats
Country of origin Locations Answer % Correct
United States 41,822 McDonald's
100%
United States 19,384 Burger King
93%
United States 30,000+ KFC
79%
United States 37,000 Subway
79%
United States 40,199 Starbucks
66%
United States 20,591 Domino's
41%
United States 19,000+ Pizza Hut
41%
China 45,000 Mixue Ice Cream & Tea
7%
China 22,340 Luckin Coffee
3%
China 20,065 Wallace
0%
No matching quizzes found
Score Distribution
Percent of People with Each Score
Percentile by Number Answered
Your Score History
You have not taken this quiz